Violencia, democracia y cultura política en América Latina /
En este artículo se argumenta que el problema de la violencia en la región latinoamericana es grave. Más allá del impacto que la misma tiene en la pérdida de vidas humanas y en el desarrollo económico, la violencia también puede afectar los procesos de búsqueda de la democracia por la vía de transfo...
Guardat en:
| Autor principal: | |
|---|---|
| Format: | Text |
| Matèries: | |
| Etiquetes: |
Afegir etiqueta
Sense etiquetes, Sigues el primer a etiquetar aquest registre!
|
MARC
| LEADER | 00000 a a2200000 04500 | ||
|---|---|---|---|
| 001 | 5175 | ||
| 003 | |||
| 040 | |||
| 100 | |a Cruz, José Miguel | ||
| 245 | |a Violencia, democracia y cultura política en América Latina / |c José Miguel Cruz | ||
| 520 | |a En este artículo se argumenta que el problema de la violencia en la región latinoamericana es grave. Más allá del impacto que la misma tiene en la pérdida de vidas humanas y en el desarrollo económico, la violencia también puede afectar los procesos de búsqueda de la democracia por la vía de transformar la cultura política de los latinoamericanos. Frente a la ausencia de respuestas sociales y políticas efectivas a los elevados niveles de inseguridad pública, muchos ciudadanos dejan de participar social y políticamente, comienzan a albergar actitudes autoritarias, desconfían de las instituciones y de los mecanismos legales pra resolver sus problemas y se suman al apoyo de figuras políticas autoritarias. /MSD | ||
| 650 | |a VIOLENCIA | ||
| 650 | |a DEMOCRACIA | ||
| 650 | |a CONDICIONES SOCIALES | ||
| 650 | |a CULTURA | ||
| 650 | |a PARTICIPACION SOCIAL | ||
| 650 | |a SEGURIDAD SOCIAL | ||
| 650 | |a PARTICIPACION SOCIAL | ||
| 650 | |a DELITOS | ||
| 650 | |a HOMICIDIO | ||
| 773 | |g volumen 55, número 619 -620; páginas 511-525 | ||
| 999 | |c 23349 |d 23349 | ||
